| 000 | 00628nac a22002171u 4500 | ||
|---|---|---|---|
| 010 | _a 63002175 | ||
| 082 | 0 | 0 |
_a513.83 _bM3176 |
| 090 |
_c3001 _d3001 |
||
| 100 | _aMansfield, Maynard J. | ||
| 245 | 1 | 0 | _aIntroduction to topology. |
| 260 |
_aDlhi., _bCBS, _c[1963] |
||
| 300 |
_a116 p. _c24 cm. |
||
| 440 | 4 | _aThe University series in undergraduate mathematics | |
| 500 | _aDonations. | ||
| 500 | _aDonations - Dr. Mostafa Gouda. | ||
| 650 | 0 | _aTopology. | |
| 942 |
_cBB _k513.83M3176 _hRDA-MOD |
||
| 999 |
_c3001 _d3001 |
||
| 336 |
_2rdacontent _atext _btxt |
||
| 337 |
_aunmediated _2rdamedia _bn |
||
| 338 |
_avolume _bnc _2rdacarrier |
||